Uznávanie spoločenskej zodpovednosti a zapojenie zainteresovaných subjektov

Identifikovanie a zapojenie zainteresovaných subjektov. Uznávanie spoločenskej zodpovednosti. Potreba dialógu so zainteresovanými subjektami vo vysokoškolskom vzdelávaní. Zodpovedné správanie ako etický problém.

Gespeichert in:
Bibliographische Detailangaben
1. Verfasser: Košútová, Tatiana, 1962-
Format: Buchkapitel
Sprache:Slowakisch
Schlagworte:
Tags: Tag hinzufügen
Keine Tags, Fügen Sie das erste Tag hinzu!

MARC

LEADER 00000naa a2200000 4500
001 0191956
005 20240502073224.4
041 0 |a slo 
044 |a SK 
245 1 0 |a Uznávanie spoločenskej zodpovednosti a zapojenie zainteresovaných subjektov  |c Tatiana Košútová 
520 |a Identifikovanie a zapojenie zainteresovaných subjektov. Uznávanie spoločenskej zodpovednosti. Potreba dialógu so zainteresovanými subjektami vo vysokoškolskom vzdelávaní. Zodpovedné správanie ako etický problém. 
610 2 0 |a stakeholder 
610 2 0 |a zodpovednosť spoločenská 
610 2 0 |a kódexy etické 
610 2 0 |a univerzity 
610 2 0 |a školy vysoké 
610 2 0 |a vzdelávanie vysokoškolské 
100 1 |a Košútová, Tatiana, 1962-